<?xml version="1.0" encoding="UTF-8"?>
<collection xmlns="http://www.loc.gov/MARC21/slim">
 <record>
  <leader>01206nam a22002177a 4500</leader>
  <controlfield tag="001">NCT_54265</controlfield>
  <controlfield tag="008">181025b        xxu||||| |||| 00| 0 vie d</controlfield>
  <datafield tag="999" ind1=" " ind2=" ">
   <subfield code="c">2603</subfield>
   <subfield code="d">2603</subfield>
  </datafield>
  <datafield tag="020" ind1=" " ind2=" ">
   <subfield code="a">9786046932185</subfield>
   <subfield code="c">99000</subfield>
  </datafield>
  <datafield tag="082" ind1="0" ind2="4">
   <subfield code="2">23rd ed.</subfield>
   <subfield code="a">158.2</subfield>
   <subfield code="b">Nh100</subfield>
  </datafield>
  <datafield tag="100" ind1="1" ind2=" ">
   <subfield code="a">Trác Nhã</subfield>
   <subfield code="e">Chủ biên</subfield>
  </datafield>
  <datafield tag="245" ind1="1" ind2="0">
   <subfield code="a">Khóe ăn khóe nói sẽ có được thiên hạ</subfield>
   <subfield code="c">Trác Nhã (chủ biên) ; Phương Thảo (dịch)</subfield>
  </datafield>
  <datafield tag="260" ind1=" " ind2=" ">
   <subfield code="a">H.</subfield>
   <subfield code="b">Văn học</subfield>
   <subfield code="c">2017</subfield>
  </datafield>
  <datafield tag="300" ind1=" " ind2=" ">
   <subfield code="a">343 tr.</subfield>
   <subfield code="c">23cm</subfield>
  </datafield>
  <datafield tag="520" ind1="3" ind2=" ">
   <subfield code="a">Cuốn sách với ngôn từ rõ ràng, gần gũi với cuộc sống sẽ mang đến những kĩ năng và phương pháp giao tiếp thực dụng, chắc chắn sẽ giúp ích cho quý độc giả</subfield>
  </datafield>
  <datafield tag="653" ind1=" " ind2=" ">
   <subfield code="a">Tham khảo</subfield>
  </datafield>
  <datafield tag="700" ind1="1" ind2=" ">
   <subfield code="a">Phương Thảo</subfield>
   <subfield code="e">Dịch</subfield>
  </datafield>
  <datafield tag="942" ind1=" " ind2=" ">
   <subfield code="2">ddc</subfield>
   <subfield code="c">BK</subfield>
  </datafield>
  <datafield tag="952" ind1=" " ind2=" ">
   <subfield code="0">0</subfield>
   <subfield code="1">0</subfield>
   <subfield code="2">ddc</subfield>
   <subfield code="4">0</subfield>
   <subfield code="6">158_200000000000000_NH100</subfield>
   <subfield code="7">0</subfield>
   <subfield code="9">14749</subfield>
   <subfield code="a">000001</subfield>
   <subfield code="b">000001</subfield>
   <subfield code="d">2018-10-25</subfield>
   <subfield code="l">5</subfield>
   <subfield code="o">158.2 Nh100</subfield>
   <subfield code="p">TK.01140</subfield>
   <subfield code="r">2021-04-23</subfield>
   <subfield code="s">2021-04-12</subfield>
   <subfield code="v">99000.00</subfield>
   <subfield code="w">2018-10-25</subfield>
   <subfield code="y">BK</subfield>
  </datafield>
  <datafield tag="952" ind1=" " ind2=" ">
   <subfield code="0">0</subfield>
   <subfield code="1">0</subfield>
   <subfield code="2">ddc</subfield>
   <subfield code="4">0</subfield>
   <subfield code="6">158_200000000000000_NH100</subfield>
   <subfield code="7">0</subfield>
   <subfield code="9">14750</subfield>
   <subfield code="a">000001</subfield>
   <subfield code="b">000001</subfield>
   <subfield code="d">2018-10-25</subfield>
   <subfield code="o">158.2 Nh100</subfield>
   <subfield code="p">TK.01141</subfield>
   <subfield code="r">2018-10-25</subfield>
   <subfield code="v">99000.00</subfield>
   <subfield code="w">2018-10-25</subfield>
   <subfield code="y">BK</subfield>
  </datafield>
  <datafield tag="980" ind1=" " ind2=" ">
   <subfield code="a">Thư viện Trường Đại học Nam Cần Thơ</subfield>
  </datafield>
 </record>
</collection>
